000 01098nam a22002657a 4500
005 20240530110431.0
008 150331s2011 ua bo a 000 0 ara d
017 _a2010/15357
_bمصر . دار الكتب المصرية
020 _a9789774556309
040 _aEG-CaGPL
082 0 4 _221
_a551
_bط/د ك
100 1 _aشامبرز ، كاثرين
_qكاثرين شامبرز
245 1 2 _aالحياة على الاراضى الخضراء /
_cتاليف كاثرين شامبرز ؛ ترجمة قسم الترجمة بدار الفاروق للاستثمارات الثقافية
250 _aط1
260 _aالقاهرة :
_bدار الفاروق للاستثمارات الثقافية ،
_c2011 .
300 _a32 ص :
_bايض ؛
_c22 سم
490 0 _aكوكب الارض
650 0 4 _aالحشائش
650 0 4 _aالفراشات
650 0 4 _aالمناخ
650 0 4 _aالنسور
710 2 _aقسم الترجمة بدار الفاروق للاستثمارات الثقافية
_eمترجم
942 _2ddc
_cBK
999 _c60843
_d60843